Stati per popolazione - Caraibi - Statistics

Statistiche generali
  • Questo quiz è stato fatto 20 volte
  • Il punteggio medio è 4 su 5
Statistiche sulle risposte
Popolazione (ab.) Nazione % Corretto
11 194 449 Cuba
100%
11 724 764 Haiti
100%
11 332 973 Repubblica Dominicana
95%
2 825 544 Giamaica
84%
1 534 937 Trinidad e Tobago
68%
Nessun quiz corrispondente trovato
Distribuzione punteggi
Percentuale di utenti per punteggio
Percentile per numero di risposta
I tuoi punteggi nel tempo
Non hai fatto questo quiz